Transforming the rural nonfarm economy : (Record no. 14783)

MARC details
000 -LEADER
fixed length control field 01315nam a22002897a 4500
005 - DATE AND TIME OF LATEST TRANSACTION
control field 20080404154424.0
008 - FIXED-LENGTH DATA ELEMENTS--GENERAL INFORMATION
fixed length control field 080811t xxu||||| |||| 00| 0 eng d
010 ## - LCCN (DPL NO)
LC control number ENG-90695
020 ## - INTERNATIONAL STANDARD BOOK NUMBER
International Standard Book Number 0195697308
Terms of availability 895.00
035 ## - SYSTEM CONTROL NUMBER
System control number EN-74228
037 ## - SOURCE OF ACQUISITION
Source of stock number/acquisition DBAD / PUB
040 ## - CATALOGING SOURCE
Original cataloging agency DPL
082 ## - DEWEY DECIMAL CLASSIFICATION NUMBER
Classification number 338.90091724
245 ## - TITLE STATEMENT
Title Transforming the rural nonfarm economy :
Remainder of title opportunities and threats in the developing world /
Statement of responsibility, etc edited by Steven Haggblade, Peter B.R. Hazell, and Thomas Reardon.
260 ## - PUBLICATION, DISTRIBUTION, ETC. (IMPRINT)
Place of publication, distribution, etc New Delhi
Name of publisher, distributor, etc Oxford University Press,
Date of publication, distribution, etc 2007.
300 ## - PHYSICAL DESCRIPTION
Extent xxii, 490 p. :
Other physical details ill.
Dimensions 24 cm.(Hb)
500 ## - GENERAL NOTE
General note Includes bibliographical references and index.
650 ## - SUBJECT ADDED ENTRY--TOPICAL TERM
Topical term or geographic name as entry element Agricultural industries
Geographic subdivision Developing countries.
650 ## - SUBJECT ADDED ENTRY--TOPICAL TERM
Topical term or geographic name as entry element Agriculture
General subdivision Economic aspects
Geographic subdivision Developing countries.
651 ## - SUBJECT ADDED ENTRY--GEOGRAPHIC NAME
Geographic name Developing countries
General subdivision Rural conditions.
700 ## - ADDED ENTRY--PERSONAL NAME
Personal name Haggblade, Steven.
700 ## - ADDED ENTRY--PERSONAL NAME
Personal name Hazell, P. B. R.
700 ## - ADDED ENTRY--PERSONAL NAME
Personal name Reardon, Thomas Anthony.
942 ## - ADDED ENTRY ELEMENTS (KOHA)
Source of classification or shelving scheme Dewey Decimal Classification
Item type English Books
Classification part 338.90091724
Call number suffix TRA
Holdings
Withdrawn status Lost status Source of classification or shelving scheme Damaged status Not for loan Collection code Home library Current library Date acquired Source of acquisition Cost, normal purchase price Total Checkouts Full call number Barcode Date last seen Cost, replacement price Koha item type
    Dewey Decimal Classification   Not For Loan Non-fiction D.B.Act.Division D.B.Act.Division 11/08/2008 DBAD / PUB 895.00   338.90091724 TRA EN-74228 15/09/2008 895.00 English Books

© Delhi Public Library
Hit Counter
free hit counter